Dewhurst's Textbook of Obstetrics & Gynaecology / (Record no. 595571)
[ view plain ]
| 000 -LEADER | |
|---|---|
| fixed length control field | 00463nam a22001457a 4500 |
| 020 ## - INTERNATIONAL STANDARD BOOK NUMBER | |
| International Standard Book Number | 9781119211426 |
| 082 ## - DEWEY DECIMAL CLASSIFICATION NUMBER | |
| Classification number | 618 |
| Author Mark | EDM |
| 100 ## - MAIN ENTRY--PERSONAL NAME | |
| Personal name | Edmonds, D. Keith; Dewhurst, John, 1920-2006 |
| 9 (RLIN) | 114167 |
| 245 ## - TITLE STATEMENT | |
| Title | Dewhurst's Textbook of Obstetrics & Gynaecology / |
| Statement of responsibility, etc. | D. Keith Edmonds; Lees, Christoph; Bourne, Tom |
| 250 ## - EDITION STATEMENT | |
| Edition statement | 9th Edition. |
| 260 ## - PUBLICATION, DISTRIBUTION, ETC. | |
| Place of publication, distribution, etc. | Hoboken : |
| Name of publisher, distributor, etc. | John Wiley & Sons, |
| Date of publication, distribution, etc. | 2018. |
| 300 ## - PHYSICAL DESCRIPTION | |
| Extent | 1065 p. ; |
| Other physical details | ill, |
| Dimensions | 28 cm. |
| 563 ## - BINDING INFORMATION | |
| Binding note | PBK. |
| 942 ## - ADDED ENTRY ELEMENTS (KOHA) | |
| Source of classification or shelving scheme | |
| Koha item type | Book |
| Withdrawn status | Lost status | Source of classification or shelving scheme | Damaged status | Not for loan | Permanent Location | Current Location | Shelving location | Date acquired | Source of acquisition | Cost, normal purchase price | Full call number | Barcode | Date last seen | Copy number | Cost, replacement price | Price effective from | Koha item type |
|---|---|---|---|---|---|---|---|---|---|---|---|---|---|---|---|---|---|
| NUST School of Health Sciences (NSHS) | NUST School of Health Sciences (NSHS) | General Stacks | 08/16/2023 | Prince Books | 12150.00 | 618 EDM | NSHS-1720 | 08/16/2023 | c.1 | 24300.00 | 08/16/2023 | Book |
